Globalnaja energetičeskaja problema

Gespeichert in:
Bibliographische Detailangaben
Format: Buch
Veröffentlicht: Moskva : Mysľ, 1985
Tags: Tag hinzufügen
Keine Tags, Fügen Sie das erste Tag hinzu!

MARC

LEADER 00000nam a22000003a 4500
001 stu15849
005 20141122083610.9
008 ------s1985----xxr---------------------d
040 |a STU  |b slo 
041 0
044 |a xxr 
080 |a 620.9 
245 |a Globalnaja energetičeskaja problema 
260 |a Moskva :  |b Mysľ,  |c 1985 
300 |a 238 s :  |b Tab.,lit.,index 
996 |b C81287  |c C*81287  |l CCIX  |s P  |a 0  |w stu15849_0001